00201 a2200097 4500001000700000040001100007100002500018240002900043245002400072300000700096195045 cMagnum aSousa, de Maurício10aA turma da Mônicalpor10aA turma da Mônica a36